| 000 | 02460cam a2200433 i 4500 | ||
|---|---|---|---|
| 001 | 2024039692 | ||
| 003 | DLC | ||
| 005 | 20250903103422.0 | ||
| 008 | 240829s2025 nyu b 000 0 eng | ||
| 010 | _a 2024039692 | ||
| 020 |
_a9780593803899 _q(hardcover) |
||
| 020 |
_a9798217006700 _q(paperback) |
||
| 020 |
_z9780593803905 _q(ebook) |
||
| 035 | _a(OCoLC)1440668870 | ||
| 040 |
_aDLC _beng _erda _cDLC _dTnLvILS |
||
| 042 | _apcc | ||
| 043 | _aa-is--- | ||
| 050 | 0 | 0 |
_aDS119.77 _b.B45 2025 |
| 082 | 0 | 0 |
_a956.9405/5 _223/eng/20240906 |
| 092 |
_ageneral nonfiction _b956.94 Beinart, Peter |
||
| 100 | 1 |
_aBeinart, Peter, _eauthor. _955321 |
|
| 245 | 1 | 0 |
_aBeing Jewish after the destruction of Gaza : _ba reckoning / _cPeter Beinart. |
| 250 | _aFirst edition. | ||
| 264 | 1 |
_aNew York : _bAlfred A. Knopf, _c2025. |
|
| 300 |
_a172 pages ; _c20 cm |
||
| 336 | _atext | ||
| 337 | _aunmediated | ||
| 338 | _avolume | ||
| 500 | _a"This is a Borzoi book"--Copyright page. | ||
| 504 | _aIncludes bibliographical references. | ||
| 505 | 0 | _aWe need a new story -- They tried to kill us, we survived, let's eat -- To whom evil is done -- Ways of not seeing -- The new new antisemitism -- Korach's children. | |
| 520 | _a"In Peter Beinart's view, one story has long dominated Jewish communal life: that of persecution and victimhood. It is a story that erases much of the nuance of sacred Jewish tradition and history, and also warps our understanding of modern history. After Gaza, where Jewish texts, history, and language have been deployed to justify mass slaughter and starvation, he argues, Jews must tell a new story. After this war, whose horror will echo for generations, they must do nothing less than offer a new answer to the question: what does it mean to be a Jew? Beinart imagines an alternate story that would draw on other nations' efforts at moral reconstruction and a different reading of Jewish history: a story in which Jews have the right to equality, not supremacy, and in which Jewish and Palestinian safety are not mutually exclusive but intertwined"-- | ||
| 650 | 0 |
_aOctober 7 Hamas Attack, Israel, 2023 _xInfluence. _96550747 |
|
| 650 | 0 |
_aIsrael-Hamas War, 2023- _xInfluence. _96550748 |
|
| 650 | 0 |
_aJews _xIdentity. _986460 |
|
| 650 | 0 |
_aPalestinian Arabs _xRelations _zIsrael. _96550749 |
|
| 651 | 0 |
_aIsrael _xRelations _xPalestinian Arab. _96550750 |
|
| 942 |
_2ddc _cBOOK |
||
| 999 |
_c410890 _d410890 |
||